Music Quiz

Random Music or Lyrics Quiz
Score 0/26 Timer 20:00
4 Plays Today
Last word of each line of first verse Song Title % Correct
bullfrog / mine / said / wineJoy to the World
71.2%
Orleans / Sun / boy / oneThe House of the Rising Sun
69%
untrue / liar / you / higherLight My Fire
37.8%
dues / time / sentence / crimeWe Are the Champions
36.1%
petrified / side / wrong / strong / alongI Will Survive
35.2%
fairytales / me / me / seemed / dreamsI'm a Believer
27.5%
plane / Spain / goodbye / eyeDaniel
26.4%
coolin' / foolin' / schoolin'Whole Lotta Love
26%
reception / hand / connection / manYou Can't Always Get What You Want
24.3%
county / road / overload / wire / whine / lineWichita Lineman
17%
house / Mars / planets / starsAquarius
14%
friend / again / creeping / sleepingThe Sounds of Silence
12.8%
suppertime / unwind / up / harpDown on the Corner
11.3%
Last word of each line of first verse Song Title % Correct
time / fine / dime / prime / you?Like A Rolling Stone
11.2%
river / skies / slowly / eyesLucy in the Sky with Diamonds
10.7%
handsome / pretty / ransom / cityLife in the Fast Lane
10%
dream / machines / 9 / lineBorn To Run
5.3%
public / subject / expression / impressionTears of a Clown
5.2%
learnin' / warrin' / turnin' / longHigher Ground
5.1%
dress / confess / care / stairsSundown
4%
lot / spot / go / gone / lotBig Yellow Taxi
3.5%
wears / hair / word / airGood Vibrations
3.1%
knew / blue / before / more / say / yesterdayI Heard It Through the Grapevine
2.4%
confused / rain / lose / strain / shameDrift Away
2.4%
phoney / agree / money / treeBloody Well Right
1.4%
lies / disguise / misunderstood / goodJive Talkin'
1%

You're not logged in!

Compare scores with friends on all Sporcle quizzes.
OR
Log In

Sporcle TV

Today on Sporcle TV


Watch our educational content, quiz creation guides, and fun videos on Sporcle TV.

Show Comments

Extras

Top Quizzes Today


Score Distribution

Your Account Isn't Verified!

In order to create a playlist on Sporcle, you need to verify the email address you used during registration. Go to your Sporcle Settings to finish the process.

Report this User

Report this user for behavior that violates our Community Guidelines.

Details: